[Event "FIDE Online Steinitz Memorial Open"]
[Site "Internet"]
[Date "2020.05.16"]
[Round "10"]
[White "Svidler, Peter"]
[Black "Carlsen, Magnus"]
[Result "1-0"]
[WhiteElo "2754"]
[BlackElo "2887"]
[Annotator "TA"]
[PlyCount "95"]
[EventDate "2020.05.15"]
[EventType "tourn"]
[SourceTitle "playchess.com"]
[Source "ChessBase"]
[SourceQuality "1"]

{[%evp 20,95,33,16,33,9,39,27,47,14,14,15,14,18,20,22,35,36,45,8,8,21,75,88,146,138,135,131,158,156,158,172,156,129,141,70,70,71,70,70,75,41,39,39,39,39,39,43,76,53,62,56,77,25,44,24,31,41,39,43,102,14,110,118,110,158,432,144,517,71,49,24,428,416,29995,29996,29998,29999]} 1. e4 e5 2. Nf3 Nc6 3. Bb5 Nf6 4. d3 d6 5. O-O Be7 6. c3 O-O 7. Re1 a6 8. Ba4 Re8 9. Nbd2 b5 10. Bc2 Bf8 11. d4 Bb7 {C91: Closed Ruy Lopez: 7...d6 8 c3 0-0 9 d4.} 12. a4 Nb8 13. Bd3 c6 {[#] White has an edge.} 14. b3 $146 ({Predecessor:} 14. b4 Nbd7 15. Nb3 Qc7 16. dxe5 dxe5 17. Bg5 Re6 18. Na5 Bc8 19. Bd2 Nb6 20. axb5 cxb5 {1-0 (33) Slobodjan,R (2458)-Kreuzer,M (2335) Kelheim 2017}) 14... Nbd7 15. Qc2 Qc7 16. Bb2 Nh5 17. Bf1 $36 {[%mdl 2048] Black is under pressure.} Nf4 18. g3 Ne6 19. b4 Nb6 20. axb5 {[%mdl 64] Overworked Piece} cxb5 (20... axb5 $11 {keeps the balance.} 21. dxe5 dxe5) 21. d5 $16 Nd4 (21... Nd8 $142) 22. Nxd4 exd4 23. c4 $1 Rac8 24. Bxd4 Nxc4 25. Nxc4 bxc4 26. Rac1 f5 27. Bh3 ({But not} 27. Qxc4 $6 Qf7 $11) (27. f3 $16) 27... fxe4 $1 $14 28. Bxc8 Rxc8 29. Qxe4 {Bb2 is the strong threat.} Qf7 30. Qg4 Qxd5 {[%csl Gb7][%cal Rd5h1]} 31. Qe6+ Qxe6 32. Rxe6 Kf7 33. Re3 Bd5 34. Bc3 Bc6 35. Ra1 Ra8 36. Rae1 (36. h4 $16) 36... d5 37. Rf3+ Kg8 38. Re6 Rc8 39. Rf4 Bb5 ({Better is} 39... g6 $14) 40. h4 (40. Rb6 $16) 40... Rd8 (40... g6 $1 $11 {remains equal.}) 41. Rb6 $16 Bd6 42. Rg4 Rd7 $2 {[#]} (42... Bf8 $16 43. Rb7 Bd7) 43. h5 $2 (43. Bxg7 $1 $18 {[%mdl 512]} Kf7 (43... Rxg7 44. Rxg7+) 44. Bc3) 43... h6 $2 {[%mdl 8192] [#]} (43... Bc7 $16 {is a better chance.} 44. Re6 Bd8) 44. Rg6 $2 (44. Bxg7 $1 $18 {[%mdl 512] and the rest is easy.} Kf7 (44... Rxg7 45. Rxg7+) 45. Bd4) 44... Bf8 {Threatens to win with ...d4.} 45. Bd4 Bxb4 $2 {[%mdl 8192]} (45... Rc7 $1 $11 {and Black is okay.}) 46. Rb8+ $18 Kh7 (46... Bf8 $18 47. Bc5 Kh7 48. Rxf8 c3) 47. f4 c3 {[#]} 48. Rxh6+ $1 {[%mdl 512] Accuracy: White = 61%, Black = 55%.} 1-0

[Event "FIDE Online Steinitz Memorial Open"]
[Site "Internet"]
[Date "2020.05.16"]
[Round "10"]
[White "Xiong, Jeffery"]
[Black "Anton Guijarro, David"]
[Result "1/2-1/2"]
[WhiteElo "2724"]
[BlackElo "2590"]
[Annotator "TA"]
[PlyCount "87"]
[EventDate "2020.05.15"]
[EventType "tourn"]
[SourceTitle "playchess.com"]
[Source "ChessBase"]
[SourceQuality "1"]

{[%evp 15,87,33,34,38,35,24,20,24,22,27,26,14,22,18,16,18,23,0,1,0,11,0,35,37,27,29,30,16,16,0,5,0,0,0,0,0,0,-5,-6,-8,-5,-9,-4,-7,-7,-8,0,0,0,0,0,0,0,0,0,0,0,0,0,0,0,0,0,0,0,0,0,0,0,0,0,0,0,0]} 1. Nf3 d5 2. d4 Nf6 3. c4 dxc4 4. e3 e6 5. Bxc4 a6 6. O-O c5 7. dxc5 Bxc5 $1 {[%mdl 4] outshines the older 7...Qxd1. Played by Shakhriyar Mamedyarov in May 2020.} 8. Qxd8+ Kxd8 9. Be2 {D27: Queen's Gambit Accepted: Classical main line: 7 e4!? and 7 a4.} Ke7 10. Rd1 Rd8 11. Rxd8 Kxd8 12. Ne5 Ke8 13. b3 Nbd7 14. Nd3 Bf8 {[#]} 15. Nd2 $146 ({Predecessor:} 15. Bb2 b6 16. Nd2 Bb7 17. Nc4 Rc8 18. a4 {½-½ (19) Bolz,B (2183)-Wojcik Wojtkowiak,B (2154) ICCF email 2012}) 15... b6 16. Bf3 Ra7 17. Bb2 Rc7 18. Kf1 Bb7 19. Bxb7 Rxb7 20. Rc1 {[#] Black must now prevent Rc8+.} Kd8 21. Nc4 Rc7 {The position is equal.} 22. Nde5 Nxe5 23. Bxe5 Rc6 $1 24. Rd1+ Nd7 25. Bb2 {White wants to play Ne5.} f6 26. Ke2 b5 27. Na3 Kc7 28. Rc1 Rxc1 29. Bxc1 $11 {[%mdl 4096] Endgame KBN-KBN} Kc6 30. Nc2 Bc5 31. Bd2 Kd6 32. e4 e5 33. Nb4 Bxb4 34. Bxb4+ {KB-KN} Ke6 35. g4 g6 36. f3 Nb8 37. Kd3 Nc6 38. Bc5 Kd7 39. Kc3 Ke6 40. a4 Kd7 41. Be3 Ke6 42. Bc5 Kd7 43. Kd3 Ke6 44. Kc3 {Accuracy: White = 100%, Black = 97%.} 1/2-1/2

[Event "FIDE Online Steinitz Memorial Open"]
[Site "Internet"]
[Date "2020.05.16"]
[Round "10"]
[White "Mamedyarov, Shakhriyar"]
[Black "Bu, Xiangzhi"]
[Result "1-0"]
[WhiteElo "2716"]
[BlackElo "2760"]
[Annotator "RC"]
[PlyCount "105"]
[EventDate "2020.05.15"]
[EventType "tourn"]
[SourceTitle "playchess.com"]
[Source "ChessBase"]
[SourceQuality "1"]
[TimeControl "180+2"]

1. d4 d5 2. c4 {[%emt 0:00:04]} c6 {[%emt 0:00:03]} 3. Nf3 {[%emt 0:00:01]} Nf6 {[%emt 0:00:01]} 4. Qb3 {[%emt 0:00:00]} dxc4 {[%emt 0:00:02]} 5. Qxc4 {[%emt 0:00:01]} Bf5 {[%emt 0:00:01]} 6. g3 {[%emt 0:00:02]} e6 {[%emt 0:00:02]} 7. Bg2 {[%emt 0:00:00]} Nbd7 {[%emt 0:00:01]} 8. O-O {[%emt 0:00:01]} Be7 {[%emt 0:00:00]} 9. Nc3 {[%emt 0:00:03]} O-O {[%emt 0:00:02]} 10. Re1 {[%emt 0:00:01]} b5 {[%emt 0:00:02]} 11. Qb3 {[%emt 0:00:16]} b4 {[%emt 0:00:02]} 12. Na4 {[%emt 0:00:03]} Be4 {[%emt 0:00:03]} 13. Bg5 {[%emt 0:00:15]} Qa5 {[%emt 0:00:24]} 14. Bxf6 {[%emt 0:00:09]} Nxf6 {[%emt 0:00:07]} 15. Rac1 {[%emt 0:00:13]} Bd5 {[%emt 0:00:36]} 16. Qc2 {[%emt 0:00:04]} b3 {[%emt 0:00:07]} 17. axb3 {[%emt 0:00:01]} Rab8 {[%emt 0:00:01]} 18. Nc3 {[%emt 0:01:08]} Bxb3 {[%emt 0:00:02]} 19. Qd3 {[%emt 0:00:01]} Nd7 {[%emt 0:00:58]} 20. Nd2 {[%emt 0:00:03]} Rfc8 {[%emt 0:00:07]} 21. Ra1 {[%emt 0:00:02]} Qc7 {[%emt 0:00:12]} 22. Rec1 {[%emt 0:00:03]} a5 {[%emt 0:00:16]} 23. e3 {[%emt 0:00:16]} Qb6 {[%emt 0:00:06]} 24. h4 {[%emt 0:00:15]} h6 {[%emt 0:00:07]} 25. Nxb3 {[%emt 0:00:04]} Qxb3 {[%emt 0:00:02]} 26. Rxa5 {[%emt 0:00:01]} Qxb2 {[%emt 0:00:01]} 27. Rb1 {[%emt 0:00:03]} Qxc3 {[%emt 0:00:05]} 28. Qxc3 {[%emt 0:00:01]} Rxb1+ {[%emt 0:00:01]} 29. Kh2 {[%emt 0:00:01]} Nf6 {[%emt 0:00:04]} 30. Bf3 {[%emt 0:00:08]} Bb4 {[%emt 0:00:01]} 31. Qc2 {[%emt 0:00:03]} Bxa5 {[%emt 0:00:05]} 32. Qxb1 {[%emt 0:00:01]} Rd8 {[%emt 0:00:11]} 33. Bxc6 {[%emt 0:00:02]} Bc7 {[%emt 0:00:04]} 34. Kg2 {[%emt 0:00:01]} Bd6 {[%emt 0:00:02]} 35. Qa2 {[%emt 0:00:03]} Rb8 {[%emt 0:00:02]} 36. Bf3 {[%emt 0:00:01]} h5 {[%emt 0:00:02]} 37. e4 {[%emt 0:00:02]} e5 {[%emt 0:00:04]} 38. Qa6 {[%emt 0:00:06]} Rd8 {[%emt 0:00:05]} 39. Qb6 {[%emt 0:00:01]} Rd7 {[%emt 0:00:01]} 40. d5 {[%emt 0:00:13]} g6 {[%emt 0:00:02]} 41. Be2 {[%emt 0:00:03]} Be7 {[%emt 0:00:03]} 42. Bb5 {[%emt 0:00:01]} Rd8 {[%emt 0:00:02]} 43. Kf3 {[%emt 0:00:04]} Kf8 {[%emt 0:00:01]} 44. Qc7 {[%emt 0:00:03]} Rd6 {[%emt 0:00:02]} 45. Bc6 {[%emt 0:00:01]} Ng4 {[%emt 0:00:05]} 46. Ke2 {[%emt 0:00:01]} Nf6 {[%emt 0:00:01]} 47. f3 {[%emt 0:00:01]} Nh7 {[%emt 0:00:02]} 48. f4 {[%emt 0:00:01]} f6 {[%emt 0:00:03]} 49. Bd7 {[%emt 0:00:03]} Ra6 {[%emt 0:00:03]} 50. f5 {[%emt 0:00:03]} Ra2+ {[%emt 0:00:02]} 51. Kd1 {[%emt 0:00:01]} g5 {[%emt 0:00:02]} 52. Be6 {[%emt 0:00:04]} Ra8 {[%emt 0:00:02]} 53. d6 {[%emt 0:00:02]} 1-0

[Event "FIDE Online Steinitz Memorial Open"]
[Site "Internet"]
[Date "2020.05.16"]
[Round "10"]
[White "Le, Quang Liem"]
[Black "Dubov, Daniil"]
[Result "1/2-1/2"]
[WhiteElo "2690"]
[BlackElo "2720"]
[Annotator "ChessBase"]
[PlyCount "107"]
[EventDate "2020.05.15"]
[EventType "tourn"]
[SourceTitle "playchess.com"]
[Source "ChessBase"]
[SourceQuality "1"]
[TimeControl "180+2"]

1. Nf3 d5 2. e3 {[%emt 0:00:09]} Nf6 {[%emt 0:00:07]} 3. c4 {[%emt 0:00:01]} e6 {[%emt 0:00:05]} 4. Nc3 {[%emt 0:00:01]} c6 {[%emt 0:00:12]} 5. b3 {[%emt 0:00:04]} Bd6 {[%emt 0:00:02]} 6. Bb2 {[%emt 0:00:04]} O-O {[%emt 0:00:01]} 7. d4 {[%emt 0:00:04]} Nbd7 {[%emt 0:00:06]} 8. Be2 {[%emt 0:00:10]} Re8 {[%emt 0:00:06]} 9. O-O {[%emt 0:00:02]} dxc4 {[%emt 0:00:01]} 10. bxc4 {[%emt 0:00:00]} e5 {[%emt 0:00:01]} 11. Qc2 {[%emt 0:00:16]} exd4 {[%emt 0:00:03]} 12. exd4 {[%emt 0:00:00]} Nf8 {[%emt 0:00:01]} 13. Rad1 {[%emt 0:00:09]} Ng6 {[%emt 0:00:02]} 14. Ne5 {[%emt 0:00:19]} Nf4 {[%emt 0:00:21]} 15. Bf3 {[%emt 0:00:05]} Be6 {[%emt 0:00:05]} 16. g3 {[%emt 0:00:26]} Ng6 {[%emt 0:00:08]} 17. Bg2 {[%emt 0:00:04]} Qc8 {[%emt 0:00:05]} 18. f4 {[%emt 0:00:13]} Bh3 {[%emt 0:00:08]} 19. Rfe1 {[%emt 0:00:16]} Bxg2 {[%emt 0:00:03]} 20. Kxg2 {[%emt 0:00:04]} Qc7 {[%emt 0:00:05]} 21. Nf3 {[%emt 0:00:07]} Rad8 {[%emt 0:00:07]} 22. f5 {[%emt 0:00:02]} Nf8 {[%emt 0:00:03]} 23. Qb3 {[%emt 0:00:04]} Qc8 {[%emt 0:00:25]} 24. Qc2 {[%emt 0:00:01]} Rxe1 {[%emt 0:00:05]} 25. Rxe1 {[%emt 0:00:00]} Re8 {[%emt 0:00:01]} 26. Rxe8 {[%emt 0:00:04]} Qxe8 {[%emt 0:00:01]} 27. Bc1 {[%emt 0:00:02]} b5 {[%emt 0:00:06]} 28. c5 {[%emt 0:00:09]} Bc7 {[%emt 0:00:02]} 29. h3 {[%emt 0:00:13]} N8d7 {[%emt 0:00:08]} 30. g4 {[%emt 0:00:02]} b4 {[%emt 0:00:05]} 31. Ne2 {[%emt 0:00:08]} Nd5 {[%emt 0:00:02]} 32. Kf2 {[%emt 0:00:07]} N7f6 {[%emt 0:00:02]} 33. Ng3 {[%emt 0:00:07]} Nc3 {[%emt 0:00:26]} 34. Nf1 {[%emt 0:00:15]} h5 {[%emt 0:00:22]} 35. g5 {[%emt 0:00:04]} Qe4 {[%emt 0:00:02]} 36. Qxe4 {[%emt 0:00:08]} Nfxe4+ {[%emt 0:00:01]} 37. Ke3 {[%emt 0:00:00]} f6 {[%emt 0:00:10]} 38. g6 {[%emt 0:00:05]} Kf8 {[%emt 0:00:08]} 39. a3 {[%emt 0:00:03]} a5 {[%emt 0:00:02]} 40. axb4 {[%emt 0:00:01]} axb4 {[%emt 0:00:01]} 41. Kd3 {[%emt 0:00:02]} Nf2+ {[%emt 0:00:04]} 42. Kc4 {[%emt 0:00:02]} Nd5 {[%emt 0:00:01]} 43. Ne3 {[%emt 0:00:01]} Nxe3+ {[%emt 0:00:07]} 44. Bxe3 {[%emt 0:00:01]} Nxh3 {[%emt 0:00:01]} 45. Kxb4 {[%emt 0:00:03]} Bf4 {[%emt 0:00:05]} 46. Bxf4 {[%emt 0:00:07]} Nxf4 {[%emt 0:00:00]} 47. Ka5 {[%emt 0:00:00]} Ke8 {[%emt 0:00:01]} 48. Kb6 {[%emt 0:00:01]} Kd7 {[%emt 0:00:01]} 49. Kb7 {[%emt 0:00:01]} Nd5 {[%emt 0:00:02]} 50. Nh4 {[%emt 0:00:02]} Ne3 {[%emt 0:00:04]} 51. Kb6 {[%emt 0:00:02]} Nd5+ {[%emt 0:00:01]} 52. Kb7 {[%emt 0:00:00]} Ne3 {[%emt 0:00:01]} 53. Kb6 {[%emt 0:00:02]} Nd5+ {[%emt 0:00:03]} 54. Kb7 {[%emt 0:00:00]} 1/2-1/2

[Event "FIDE Online Steinitz Memorial Open"]
[Site "Internet"]
[Date "2020.05.16"]
[Round "10"]
[White "Korobov, Anton"]
[Black "Grischuk, Alexander"]
[Result "1-0"]
[WhiteElo "2667"]
[BlackElo "2765"]
[Annotator "TA"]
[PlyCount "59"]
[EventDate "2020.05.15"]
[EventType "tourn"]
[SourceTitle "playchess.com"]
[Source "ChessBase"]
[SourceQuality "1"]

{[%evp 16,59,11,0,0,0,8,6,9,11,15,16,0,-44,-39,-34,35,0,44,42,39,50,54,0,6,0,60,68,75,37,56,47,44,-58,-58,-86,-77,-82,-75,-67,70,-511,442,438,427,429]} 1. d4 d5 2. c4 dxc4 3. e4 Nf6 4. e5 Nd5 5. Bxc4 Bf5 6. Ne2 e6 7. O-O Nb6 8. Bb3 Nc6 9. Nbc3 Qd7 {D20: Queen's Gambit Accepted: 3 e3 and 3 e4.} 10. Be3 O-O-O 11. Qc1 Kb8 {The position is equal.} 12. Rd1 Qe8 {[#]} 13. Na4 $5 $146 {[%mdl 8] An interesting novelty.} ({Predecessor:} 13. Nf4 f6 14. exf6 gxf6 15. d5 exd5 16. Ncxd5 Nxd5 17. Bxd5 Bd6 18. Qc3 Be4 19. Qc4 {½-½ (21) Fridman,D (2627)-Dziuba,M (2582) Germany 2020}) 13... Nd5 14. Nc5 Bxc5 15. Qxc5 Nce7 ({Black should try} 15... Bg4 $15 16. Rd2 Bxe2 17. Rxe2 Qe7) 16. Rac1 h5 17. Nc3 c6 18. Bg5 {Threatens to win with Bxd5.} Rd7 19. Na4 (19. f3 $14) 19... f6 20. exf6 $1 gxf6 {[#]} ({Black should play} 20... b6 $11 21. Qa3 gxf6) 21. Bxf6 $1 $14 {[%mdl 512]} Rg8 {next ...Rxg2+! is good for Black.} (21... Nxf6 22. Qe5+) 22. Be5+ (22. Bxd5 $5 Nxd5 23. Be5+ Ka8 24. Nc3 $14) 22... Ka8 23. Qa3 $1 $36 {[%mdl 2048] White has good play.} h4 24. Rc5 (24. Rd2 $14) 24... Qd8 $1 $15 25. Re1 b5 $1 {[%cal Rb5b4]} 26. Bxd5 Nxd5 27. Rxd5 Rxd5 (27... exd5 $15 28. Nc5 Qg5) 28. Nc5 $2 {[%mdl 8192] [#]} (28. Qc3 $14 {is the one way to stay ahead.} Qd7 29. Nc5) 28... Rxd4 $4 {[%mdl 8192] [#]} (28... Rxe5 $1 $19 {[%mdl 512] and life is good for Black.} 29. dxe5 (29. Rxe5 $2 {loses.} Qg5 $19) 29... Qd5) 29. Qa6 $1 $18 {[%cal Ra6c6][%mdl 512]} Qb6 {Hoping for ...Rdg4!} 30. Bxd4 {Accuracy: White = 58%, Black = 73%.} 1-0

[Event "FIDE Online Steinitz Memorial Open"]
[Site "Internet"]
[Date "2020.05.16"]
[Round "11"]
[White "Carlsen, Magnus"]
[Black "Le, Quang Liem"]
[Result "1-0"]
[WhiteElo "2887"]
[BlackElo "2690"]
[Annotator "TA"]
[PlyCount "110"]
[EventDate "2020.05.15"]
[EventType "tourn"]
[SourceTitle "playchess.com"]
[Source "ChessBase"]
[SourceQuality "1"]

{[%evp 9,110,9,-3,-21,13,-1,-25,-35,-2,0,-5,-9,0,0,0,0,0,0,0,0,0,0,0,0,76,0,0,0,7,0,12,17,25,0,0,0,56,60,43,30,25,41,78,0,21,17,60,60,63,12,41,26,29,36,77,52,81,0,0,0,0,-4,0,-75,-83,-75,-64,-93,-84,-81,0,-100,-97,-103,-11,-23,0,0,22,0,22,30,66,62,50,37,70,4,122,114,68,8,25,30,504,441,293,0,0,0,2931,2068,1982]} 1. e4 e5 2. Nf3 Nc6 3. Nc3 Nf6 4. h3 Bb4 5. Nd5 Bc5 {[#]} 6. c3 $146 {C47: Scotch Four Knights and Four Knights with 4 g3.} ({Predecessor:} 6. Nxf6+ gxf6 7. Bc4 d6 8. d3 Be6 9. Be3 Qd7 10. Qe2 O-O-O 11. Bxc5 dxc5 12. c3 Bxc4 13. dxc4 {½-½ (36) Carlsen,M (2863)-Caruana,F (2835) chess24.com INT 2020}) 6... O-O 7. b4 Bb6 8. Nxb6 {Black has an edge.} axb6 9. d3 d5 10. Qc2 h6 11. Be2 b5 12. O-O Be6 13. Be3 Qd7 14. Rfd1 Rfd8 15. a4 bxa4 {Hoping for ...d4.} 16. b5 Ne7 (16... Na5 $11) 17. Rxa4 ({Much worse is} 17. Nxe5 Qxb5 18. Rdb1 Qe8 $15) (17. c4 $16) 17... Qxb5 18. Rb4 Qa6 19. Nxe5 dxe4 20. dxe4 Rxd1+ $1 21. Qxd1 Qa1 22. Rb1 (22. Rxb7 $2 Qxd1+ 23. Bxd1 Ra1 $17) 22... Qa3 (22... Qa5 $11 23. Rb5 Qa1) 23. Qd4 $14 ({Reject} 23. Rxb7 Nxe4 24. Bf3 Nxc3 $11) 23... b6 24. f3 Qa2 25. Qd1 Qa5 26. Qd4 (26. Bb5 $1 $16) 26... Qa2 $11 27. Qd3 Nd7 28. Nxd7 Bxd7 29. Bf1 (29. Re1 $14 Be6 30. f4) 29... Be6 30. Rd1 Ng6 31. f4 {Black must now prevent f5.} Bb3 32. Rd2 Qa1 33. Kh2 (33. c4 $16) 33... Qe1 34. Bf2 Qc1 35. Bg3 Bc4 36. Qxc4 (36. Rd1 $1 $11 Bxd3 37. Rxc1 Bxe4 38. f5 Bxf5 39. Bxc7) 36... Qxd2 $17 37. Qxc7 Qd8 $1 {[%cal Rd8c7]} 38. Qb7 Rb8 39. Qa6 Ra8 ({Black should play} 39... Rc8 $17 40. f5 Ne7) 40. Qb5 (40. Qb7 $1 $11 {keeps the balance.}) 40... Rc8 41. f5 Ne7 (41... Rc5 $17 42. Qb4 Ne5) 42. Bc4 $11 Qe8 43. Qb3 Nc6 {aiming for ...Na5.} 44. Bd5 Ne5 45. Qxb6 Kh8 46. Qd4 $36 {[%mdl 2048] Black is under pressure.} f6 47. c4 Qe7 48. Bxe5 (48. Qa1 $14) 48... fxe5 $14 {[%mdl 4096] Endgame KQR-KQB} (48... Qxe5+ $11 {remains equal.} 49. Qxe5 fxe5) 49. Qe3 Qg5 50. Qxg5 ({Better is} 50. Qf2 $1 $14) 50... hxg5 {KR-KB} 51. Kg3 {And now Kg4 would win.} Kh7 $2 {[%mdl 8192]} (51... Rb8 $1 $11) 52. Kg4 $1 $18 Kh6 {[#]} 53. h4 $2 (53. f6 $1 $18 {[%mdl 512]}) 53... gxh4 $11 54. Kxh4 g5+ $2 {[%mdl 8192]} (54... Rc7 $11) 55. Kg4 $18 Rc7 {Accuracy: White = 75%, Black = 62%.} 1-0

[Event "FIDE Online Steinitz Memorial Open"]
[Site "Internet"]
[Date "2020.05.16"]
[Round "11"]
[White "Grischuk, Alexander"]
[Black "Anton Guijarro, David"]
[Result "0-1"]
[WhiteElo "2765"]
[BlackElo "2590"]
[Annotator "TA"]
[PlyCount "154"]
[EventDate "2020.05.15"]
[EventType "tourn"]
[SourceTitle "playchess.com"]
[Source "ChessBase"]
[SourceQuality "1"]

{[%evp 20,154,39,31,25,28,22,11,27,12,16,14,12,10,9,5,8,8,8,0,5,8,12,0,2,8,5,0,7,0,3,0,0,0,0,0,0,0,6,0,9,0,14,10,26,26,25,0,0,0,14,15,20,0,0,0,0,0,14,14,15,0,13,8,8,8,61,65,99,0,0,-118,-112,-109,-108,-91,-52,-135,-76,-120,-54,-54,-65,-308,-298,-398,-386,-518,-468,-683,-683,-736,-694,-775,-344,-865,-859,-839,-728,-4055,-3453,-29977,-29963,-29963,-29961,-29970,-29964,-29965,-29964,-29969,-29971,-29979,-29979,-29980,-29981,-29981,-29980,-29980,-29969,-29966,-29967,-29972,-29970,-29970,-29971,-29971,-29970,-29982,0,-29969,-29969,-29966,-29968,-29963,-29961,-29982,-29983]} 1. d4 d5 2. c4 dxc4 3. e3 Nf6 4. Bxc4 e6 5. Nf3 a6 6. O-O c5 7. dxc5 Bxc5 8. Qxd8+ Kxd8 9. Ne5 Ke7 10. Be2 Rd8 11. Nd2 Bd7 {D27: Queen's Gambit Accepted: Classical main line: 7 e4!? and 7 a4.} 12. Nb3 Bd6 13. Nxd7 {[#]} Rxd7 $146 {The position is equal.} ({Predecessor:} 13... Nbxd7 14. Na5 Bb4 15. Nxb7 Rdb8 16. a3 Rxb7 17. Bf3 Nd5 18. axb4 Rxb4 19. Rd1 N7f6 {½-½ (31) Michalik,P (2577)-Kriebel,T (2514) Ostrava 2019}) 14. Rd1 Nc6 15. Bd2 Rad8 16. Be1 Bb4 17. Rxd7+ Rxd7 18. a3 Bxe1 19. Rxe1 Rc7 20. Rc1 Kd8 21. Kf1 Ne5 22. Rxc7 Kxc7 $11 {[%mdl 4096] Endgame KBN-KNN} 23. Ke1 Kd6 24. h3 Ned7 25. Na5 Kc7 26. b4 Ne4 27. Bd3 Nd6 28. Kd2 h6 29. Kc3 e5 30. f4 exf4 31. exf4 Nb8 32. Kd4 b6 33. Nb3 Nc6+ 34. Ke3 a5 35. bxa5 bxa5 36. Nc5 Ne7 37. Kd4 Nc6+ 38. Kc3 Kb6 39. Na4+ Kc7 40. Nc5 Kb6 41. Nd7+ Kc7 42. Ne5 Ne7 (42... h5 $11) 43. Kd4 $14 f6 44. Nf3 (44. Nc4 $16) 44... Kc6 $11 45. Bc2 (45. g4 $11) 45... Nb5+ $17 46. Kd3 Nxa3 47. Nd4+ Kd6 {Threatens to win with ...Nd5.} 48. Bb3 (48. Ba4 $15) 48... g6 ({Better is} 48... Kc5 49. Bf7 Kb4) 49. g4 Kc5 (49... g5 $17 50. fxg5 hxg5) 50. h4 $1 $15 Nb5 51. Ne6+ $2 {[#] White is on the road to losing.} ({White should try} 51. Nxb5 $15 Kxb5 52. Bf7) 51... Kb4 $19 52. Bd1 a4 53. Bxa4 Kxa4 54. Ke4 (54. Kc4 $142 Nd6+ 55. Kc5 Ne4+ 56. Kc4) 54... Kb4 55. Nf8 Nd6+ 56. Kd4 Kb5 (56... h5 $142 57. g5 fxg5 58. hxg5 Ndf5+ 59. Ke4 Kc5 60. Nd7+ Kd6) 57. Nd7 $2 (57. g5 Kc6 58. gxf6 Nef5+ 59. Ke5 Nf7+ 60. Ke4 Nxh4 61. Ne6) 57... Ne8 58. g5 fxg5 59. hxg5 h5 60. Nf6 Ng7 61. Ke4 Kc5 62. Kf3 Kd6 63. Ne4+ Ke6 64. Nc5+ Kd5 65. Nb7 Ngf5 66. Nd8 Nd6 67. Ke3 Nef5+ 68. Kf3 Kd4 69. Ne6+ Kd3 70. Nf8 Ne7 71. Ne6 Ndf5 72. Nc5+ Kc4 73. Ne6 Kd5 $2 (73... Nd4+ {mates} 74. Nxd4 Kxd4 75. Kf2 Ke4 76. Kg2 Nf5 77. Kf2 Kxf4 78. Kg2 Kxg5 79. Kf3 h4 80. Ke2 Kf4 81. Kf1 h3 82. Kg1 g5 83. Kf2 Ne3 84. Kg1 Kg3 85. Kh1 Nf1 86. Kg1 Nd2 87. Kh1 Ne4 88. Kg1 h2+ 89. Kf1 Kf3 90. Ke1 h1=Q#) 74. Nf8 $2 {[%mdl 8192] [#]} (74. Nd8 $11 Nd4+ 75. Ke3) 74... Kd4 {Black mates.} 75. Ne6+ Kc4 76. Nf8 Kd3 77. Ne6 Nd4+ {Accuracy: White = 64%, Black = 89%.} 0-1

[Event "FIDE Online Steinitz Memorial Open"]
[Site "Internet"]
[Date "2020.05.16"]
[Round "11"]
[White "Bu, Xiangzhi"]
[Black "Korobov, Anton"]
[Result "1/2-1/2"]
[WhiteElo "2760"]
[BlackElo "2667"]
[Annotator "TA"]
[PlyCount "124"]
[EventDate "2020.05.15"]
[EventType "tourn"]
[SourceTitle "playchess.com"]
[Source "ChessBase"]
[SourceQuality "1"]

{[%evp 20,124,20,19,23,17,47,48,46,46,41,43,79,67,90,58,72,58,100,68,68,70,72,64,69,64,69,66,72,64,53,66,91,82,82,82,82,82,82,82,102,102,158,132,177,109,140,102,108,0,86,-72,64,64,64,64,108,45,45,45,45,44,45,43,41,35,45,25,21,20,70,62,66,69,112,21,24,16,38,39,47,47,51,47,47,47,47,47,54,54,58,57,69,69,69,69,69,58,58,58,58,58,58,58,58,58,58]} 1. Nf3 Nf6 2. c4 g6 3. Nc3 Bg7 4. e4 d6 5. d4 O-O 6. Be2 e5 7. O-O Nc6 8. dxe5 dxe5 9. Qxd8 Rxd8 10. Bg5 Rf8 11. Rfd1 h6 {E97: King's Indian: Classical Main Line (6...e5 7 0-0 Nc6): 8 Be3 and 8 d5 Ne7, not 9 Ne1.} 12. Be3 Be6 13. Nd5 Rfc8 14. Nxf6+ Bxf6 15. Bxh6 Nd4 16. Nxd4 exd4 17. Bf4 c5 {[#]} 18. Bd3 $146 ({Predecessor:} 18. Bd6 a5 19. Bd3 Ra6 20. Bf4 a4 21. Bd2 Bg7 22. Rab1 Rca8 23. f4 f5 24. exf5 Bxf5 25. Bxf5 gxf5 {½-½ (39) Rademakers,E (2171)-Jacek,K (2055) Warsaw 2010}) 18... b5 19. Rac1 b4 20. Bd6 a5 21. e5 Bg5 22. Rc2 a4 23. Re2 Ra6 24. h3 b3 25. a3 Kg7 26. Rf1 Bf4 27. g3 Rxd6 28. exd6 Bxd6 29. Kg2 Rh8 30. h4 Kf6 (30... Bd7 $142) 31. Rfe1 $16 Rh5 {[#]} 32. Rc1 (32. f4 $1 $18) 32... Bd7 33. Be4 Re5 34. Bf3 (34. Rd1 $16) 34... Bf5 (34... Bc7 $11) 35. Rd2 $2 {[#]} (35. Rxe5 $16 Bxe5 36. Bc6) 35... Bc2 (35... Bc7 $1 $17) 36. Rdxc2 bxc2 37. Rxc2 $14 {[%mdl 4096] Endgame KRB-KRB} Re7 38. Be2 ({Better is} 38. Bc6 $16) 38... Rb7 39. Kf1 Bc7 40. Bd1 Ba5 41. Re2 d3 42. Re3 d2 43. Bxa4 Rxb2 {...Rb1+ is the strong threat.} 44. Bd1 Ra2 45. Ke2 Bc7 46. Rd3 Be5 47. Rxd2 ({White should try} 47. a4 $16) 47... Rxa3 $11 48. Kf1 Bd4 49. Kg2 {White is slightly better.} Ra1 50. Bf3 Rb1 51. Bd5 Rb2 52. Rxb2 Bxb2 $14 {KB-KB} 53. f4 Bd4 54. g4 Kg7 55. Kf3 f6 56. Be4 Bc3 57. Ke2 Bd4 58. g5 fxg5 59. hxg5 Bb2 60. Kf3 Bc1 61. Bd3 Bd2 62. Kg4 Bc1 {Accuracy: White = 78%, Black = 71%.} 1/2-1/2